000 00638nam a22001937a 4500
003 0
005 20250917151915.0
008 250917b xxu||||| |||| 00| 0 eng d
020 _a979-8-89161-694-3
050 _aQA 76.9.A43
_b.M37 2025
100 _aMason, Alexander,
_eauthor.
245 _aBasic algorithms of artificial intelligence /
_cAlexander Mason.
260 _aJersey City, USA :
_bAlexis Press,
_c2025.
300 _ax, 343 pages :
_bcolored illustrations ;
_c27 cm.
504 _aIncludes bibliographical references and index.
650 _aArtificial intelligence
_xAlgorithms.
650 _aAlgorithms.
942 _2lcc
_cBK
999 _c368024
_d368024